[Event "Tourn. n9987"]
[Site "www.echecsemail.com"]
[Date "2018.12.17"]
[Round "1"]
[White "Tartan"]
[Black "Apdash"]
[WhiteElo "2610"]
[BlackElo "2350"]
[Result "1-0"]
[Round "1"]
1.d4 d5
2.c4 c6
3.cxd5 cxd5
4.Nb1c3 e6
5.Ng1f3 Nb8c6
6.Bc1f4 a6
7.e3 Ng8f6
8.Ra1c1 Nf6h5
9.Bf4g5 Bf8e7
10.Bg5xe7 Qd8xe7
11.Bf1d3 f5
12.O-O O-O
13.Nc3a4 Nc6b4
14.Nf3e5 Nh5f6
15.Qd1b3 Nf6e4
16.Bd3xe4 fxe4
17.Rc1c3 Nb4d3
18.Ne5xd3 exd3
19.Na4c5 d2
20.Rf1d1 Ra8b8
21.Nc5xa6 Rb8a8
22.Na6c7 Ra8b8
23.Rd1xd2 Bc8d7
24.Qb3b6 Bd7c6
25.Nc7a6 Rb8a8
26.Na6b4 e5
27.Nb4xc6 bxc6
28.Qb6xc6 exd4
29.Qc6xd5 Qe7f7
30.Qd5xf7 Kxf7
31.exd4 Ra8xa2
32.Rc3a3 Ra2xa3
33.bxa3 Rf8a8
34.Rd2d3 Ke6
35.d5 Kd6
36.h4 h5
37.g3 Ra8a4
38.Kg2 g6
39.Kf3 { resign }
1-0

[Event "Match"]
[Site "www.echecsemail.com"]
[Date "2018.12.17"]
[Round "1"]
[White "Ketchuplover"]
[Black "Tonino1"]
[WhiteElo "1950"]
[BlackElo "2250"]
[Result "0-1"]
[Round "1"]
1.c4 d6
2.Ng1f3 Ng8f6
3.d4 c6
4.Nb1c3 Qd8c7
5.e4 e5
6.Bf1e2 g6
7.Bc1g5 Bf8g7
8.O-O O-O
9.Bg5xf6 Bg7xf6
10.h3 Bf6g7
11.d5 f5
12.a4 fxe4
13.Nc3xe4 Bc8f5
14.Ne4g3 c5
15.Ng3xf5 gxf5
16.Nf3g5 Qc7e7
17.Ng5e6 Rf8f6
18.f3 Bg7h6
19.Qd1d3 Nb8a6
20.g4 f4
21.h4 Na6c7
22.Ne6xc7 Qe7xc7
23.g5 Rf6g6
24.Qd3xg6 hxg6
25.gxh6 Qc7e7
26.Rf1f2 Qe7xh4
27.h7 Kh8
28.Rf2h2 Qh4f6
29.Be2d3 Ra8f8
30.Bd3e4 Rf8f7
31.Kf2 Rf7xh7
32.Ra1h1 Rh7xh2
33.Rh1xh2 Kg7
34.Ke2 Qf6g5
35.Rh2f2 Qg5g1
36.Rf2f1 Qg1e3
37.Kd1 Qe3d4
38.Kc2 Qd4xc4
{ resign }
0-1

[Event "Match"]
[Site "www.echecsemail.com"]
[Date "2018.12.17"]
[Round "1"]
[White "Dussek"]
[Black "Tonino1"]
[WhiteElo "1860"]
[BlackElo "2120"]
[Result "1-0"]
[Round "1"]
1.Ng1f3 d6
2.d4 Ng8f6
3.Bc1f4 c6
4.e3 Qd8c7
5.Bf1d3 g6
6.Nb1d2 Bf8g7
7.O-O O-O
8.c3 Nf6h5
9.Bf4g5 h6
10.Bg5h4 f5
11.Qd1b3 d5
12.Ra1c1 g5
13.Bh4g3 Nh5xg3
14.hxg3 Nb8d7
15.Bd3xf5 Rf8xf5
16.e4 Rf5xf3
17.gxf3 e6
18.e5 b6
19.Kg2 Bc8a6
20.Rf1h1 Ra8f8
21.Qb3c2 c5
22.Qc2g6 Qc7c6
23.Rh1xh6 Ba6d3
24.Qg6xg5 Rf8f5
25.Qg5g4 cxd4
26.Rc1h1 dxc3
27.Rh6h8 Kf7
28.Rh1h7  { time }
1-0

[Event "Tourn. n9987"]
[Site "www.echecsemail.com"]
[Date "2018.12.17"]
[Round "1"]
[White "Numanoid"]
[Black "Coolant"]
[WhiteElo "2620"]
[BlackElo "2350"]
[Result "1-0"]
[Round "1"]
1.e4 c5
2.Ng1f3 e6
3.d4 cxd4
4.Nf3xd4 a6
5.Nb1c3 Qd8c7
6.g3 b5
7.Bf1g2 Bc8b7
8.O-O Bf8c5
9.Bc1e3 Ng8f6
10.Nd4xb5 axb5
11.Nc3xb5 Qc7b6
12.Be3xc5 Qb6xb5
13.Qd1d6 Nb8c6
14.b4 O-O-O
15.c4 Qb5xc4
16.Rf1c1 Qc4a6
17.a4 Nf6e8
18.Qd6f4 Ne8c7
19.b5 Qa6a5
20.bxc6 dxc6
21.e5 Rd8d7
22.Bc5d6 Nc7d5
23.Bg2xd5 Qa5xd5
24.a5 Bb7a6
25.Ra1b1 Ba6b5
26.Rc1c5 { resign }
1-0

[Event "Match"]
[Site "www.echecsemail.com"]
[Date "2018.12.17"]
[Round "1"]
[White "Tonino1"]
[Black "Piekki"]
[WhiteElo "2250"]
[BlackElo "2240"]
[Result "0-1"]
[Round "1"]
1.d4 Ng8f6
2.Ng1f3 g6
3.e3 Bf8g7
4.Bf1d3 O-O
5.c3 d5
6.O-O c6
7.Nf3e5 Nb8d7
8.f4 Nd7xe5
9.fxe5 Nf6g4
10.e4 c5
11.h3 Ng4h6
12.g4 dxe4
13.Bd3xe4 f5
14.exf6 exf6
15.dxc5 Qd8e7
16.Qd1d4 f5
17.Be4d5 Kh8
18.Qd4c4 fxg4
19.Rf1xf8 Qe7xf8
20.Bc1xh6 Bg7xh6
21.hxg4 Bh6e3
22.Kh1 Bc8xg4
23.Nb1d2 Qf8h6
 { time }
0-1

[Event "Match"]
[Site "www.echecsemail.com"]
[Date "2018.12.17"]
[Round "1"]
[White "Storzman"]
[Black "Zack1984"]
[WhiteElo "1970"]
[BlackElo "1370"]
[Result "0-1"]
[Round "1"]
1.Ng1f3 b5
2.d4 Bc8b7
3.e3 a6
4.Bf1d3 e6
5.Nb1d2 Ng8f6
6.h3 c5
7.b3 d5
8.c4 dxc4
9.bxc4 cxd4
10.exd4 Nb8c6
11.Bc1b2 bxc4
12.Bd3xc4 Bf8b4
13.O-O O-O
14.Nd2b3 Nc6a5
15.Bc4e2 Na5xb3
16.Qd1xb3 Qd8e7
17.Ra1c1 Bb4d6
18.Rf1d1 Bb7d5
19.Qb3a4 Rf8b8
20.Bb2c3 Nf6h5
21.Bc3d2 Nh5f4
22.Bd2xf4 Bd6xf4
23.Rc1b1 Rb8c8
24.Nf3e5 Qe7h4
25.Ne5f3 Qh4h5
26.Rb1b2 Qh5f5
27.Be2d3 Qf5h5
28.Bd3e2 Qh5g6
29.Nf3e1 Rc8c3
30.Rd1d3 Rc3c4
31.Rb2b4 Rc4c1
32.Rd3d1 Rc1c3
33.Be2d3 Qg6g5
34.Rb4b2 a5
35.Rd1b1 g6
36.Qa4d1 Ra8c8
37.Ne1f3 Qg5f6
38.Bd3f1 Bd5xf3
39.gxf3 Qf6h4
40.Kg2 Bf4d6
{ resign }
0-1

[Event "Tourn. n10027"]
[Site "www.echecsemail.com"]
[Date "2018.12.17"]
[Round "1"]
[White "Bojan"]
[Black "Add"]
[WhiteElo "2040"]
[BlackElo "2220"]
[Result "0-1"]
[Round "1"]
1.e4 d5
2.exd5 Qd8xd5
3.d4 e6
4.Bc1e3 a6
5.c4 Qd5d7
6.a3 b6
7.b4 Bc8b7
8.Ng1f3 Ng8f6
9.Nb1c3 Bf8e7
10.Nf3e5 Qd7d8
11.f3 O-O
12.Bf1d3 Nb8c6
13.O-O Nc6xd4
14.Be3xd4 Qd8xd4
15.Rf1f2 Qd4xe5
16.Ra1c1 Be7d6
17.g3 Bd6e7
18.Rc1c2 a5
19.Rc2e2 Qe5xc3
20.Re2e3 Kh8
21.Qd1e2 Qc3d4
22.Qe2d2 Rf8d8
23.Rf2f1 axb4
24.axb4 Be7xb4
25.Qd2c1 Bb4c5
26.Kg2 Qd4xe3
{ resign }
0-1

[Event "1/8 Finale"]
[Site "www.chess-mail.com"]
[Date "2018.12.17"]
[Round "1"]
[White "Chessington"]
[Black "Jaroslavpech"]
[WhiteElo "2820"]
[BlackElo "2490"]
[Result "1/2-1/2"]
[Round "1"]
1.Ng1f3 Ng8f6
2.b3 d5
3.Bc1b2 e6
4.e3 Bf8e7
5.c4 O-O
6.Nb1c3 c5
7.d4 cxd4
8.Nf3xd4 dxc4
9.Bf1xc4 a6
10.Ra1c1 b5
11.Bc4e2 Qd8b6
12.a4 Rf8d8
13.Qd1c2 b4
14.Nc3e4 Bc8b7
15.Be2f3 Nb8d7
16.Ne4xf6 Be7xf6
17.a5 Qb6a7
18.Qc2c7 Bb7xf3
19.Qc7xa7 Ra8xa7
20.gxf3 Nd7b8
21.Rc1c4 Ra7d7
22.O-O Rd7d5
23.Rf1a1 h6
24.Rc4xb4 Nb8d7
25.Kf1 Rd8a8
26.f4 Rd5h5
27.Ra1a2 Rh5xh2
28.Nd4f3 Rh2h5
29.Bb2xf6 Nd7xf6
30.Nf3d4 Rh5c5
31.Rb4b7 Nf6d5
32.Ra2a1 Kf8
33.Kg2 Rc5c8
34.Ra1a4 Ke8
35.Ra4c4 Rc8d8
36.Nd4f3 Rd8d7
37.Rb7xd7 Kxd7
38.Nf3e5 Ke7
39.Kf3 f5
40.e4 fxe4
41.Kxe4 h5
42.b4 Nd5f6
43.Kf3 { draw }
1/2-1/2

[Event "Fast Game"]
[Site "www.echecsemail.com"]
[Date "2018.12.17"]
[Round "1"]
[White "Apdash"]
[Black "Ranjachess"]
[WhiteElo "1840"]
[BlackElo "1759"]
[Result "1-0"]
[Round "1"]
1.e4 e5
2.Ng1f3 d6
3.d4 Bc8g4
4.dxe5 Bg4xf3
5.Qd1xf3 dxe5
6.Bf1c4 Ng8f6
7.O-O Qd8d4
8.Bc4d3 Nb8c6
9.Nb1c3 a6
10.Bc1e3 Qd4d7
11.Ra1d1 Nc6d4
12.Be3xd4 exd4
13.e5 c6
14.exf6 dxc3
15.Rf1e1 Bf8e7
16.Re1xe7 Qd7xe7
17.fxe7 Kxe7
18.Bd3c4 f6
19.Qf3xc3 b5
20.Qc3e3 Kf8
21.Rd1d7 Ra8e8
22.Qe3c5 Re8e7
23.Rd7d8 
1-0

[Event "Match"]
[Site "www.echecsemail.com"]
[Date "2018.12.18"]
[Round "1"]
[White "Zorkvonblitz"]
[Black "Ditto"]
[WhiteElo "1649"]
[BlackElo "1880"]
[Result "1-0"]
[Round "1"]
1.g4 e5
2.h4 Nb8c6
3.g5 Bf8c5
4.Ng1h3 d6
5.f4 Bc8g4
6.fxe5 Nc6xe5
7.Bf1g2 Qd8d7
8.d4 Bc5b4
9.c3 Bg4xh3
10.Bg2xh3 Qd7c6
11.Rh1f1 Ng8e7
12.dxe5 dxe5
13.cxb4 O-O
14.Nb1c3 Ra8d8
15.Bc1d2 Ne7g6
16.Qd1c2 Ng6xh4
{ time. }
1-0

[Event "Tourn. n9984"]
[Site "www.echecsemail.com"]
[Date "2018.12.18"]
[Round "1"]
[White "Luban"]
[Black "Drill64"]
[WhiteElo "2050"]
[BlackElo "2169"]
[Result "1-0"]
[Round "1"]
1.d4 Ng8f6
2.c4 e6
3.e3 Bf8b4
4.Bc1d2 Qd8e7
5.Nb1c3 a6
6.Ng1f3 O-O
7.Bf1d3 d6
8.O-O b6
9.h3 Bc8b7
10.Rf1e1 Nb8d7
11.a3 Bb4xc3
12.Bd2xc3 Nf6e4
13.Bd3xe4 Bb7xe4
14.Nf3d2 Be4b7
15.e4 e5
16.d5 Nd7c5
17.Qd1c2 a5
18.b4 axb4
19.axb4 Nc5d7
20.Nd2b3 Nd7f6
21.c5 bxc5
22.bxc5 Nf6h5
23.Nb3a5 Bb7a6
24.c6 Nh5f4
25.Bc3d2 Qe7g5
26.Bd2xf4 exf4
27.f3 Ra8b8
28.Re1b1 h5
29.Na5b7 Ba6xb7
30.Rb1xb7 Qg5e5
31.Ra1b1 Qe5d4
32.Qc2f2 Qd4xf2
33.Kxf2 Rb8xb7
34.Rb1xb7 Rf8c8
35.Ke2 g6
36.Kd3 Kg7
37.Kd4 Kf6
38.h4 Ke7
39.e5 f5
40.e6 Kf6
41.Kc4 Ke5
42.e7 Kf6
43.Rb7xc7 Rc8e8
44.Rc7d7 Re8xe7
45.Rd7xd6 Kf7
46.Kc5 { resign }
1-0

[Event "Tourn. n10005"]
[Site "www.echecsemail.com"]
[Date "2018.12.18"]
[Round "1"]
[White "Drill64"]
[Black "Fantomas"]
[WhiteElo "2280"]
[BlackElo "2100"]
[Result "1/2-1/2"]
[Round "1"]
1.Ng1f3 b6
2.d4 Bc8b7
3.e3 g6
4.c4 Bf8g7
5.Nb1c3 Ng8f6
6.Bf1d3 O-O
7.O-O d6
8.Rf1e1 Nb8d7
9.Ra1b1 e6
10.b4 Qd8e7
11.Qd1e2 e5
12.dxe5 Nd7xe5
13.Nf3xe5 dxe5
14.e4 Ra8d8
15.Bc1g5 Rd8d7
16.Nc3d5 Qe7e6
17.Bg5xf6 Bg7xf6
18.b5 Bf6g7
19.a4 c6
20.bxc6 Bb7xc6
21.a5 bxa5
22.Qe2a2 Rf8c8
23.Qa2xa5 Bg7f8
24.Bd3f1 Kg7
25.Re1d1 Rc8d8
26.f3 Qe6d6
{ draw }
1/2-1/2

[Event "Match"]
[Site "www.echecsemail.com"]
[Date "2018.12.18"]
[Round "1"]
[White "Bigrezi"]
[Black "Hundegana"]
[WhiteElo "2290"]
[BlackElo "2100"]
[Result "1-0"]
[Round "1"]
1.e4 c5
2.Ng1f3 Nb8c6
3.d4 cxd4
4.Nf3xd4 Nc6xd4
5.Qd1xd4 Ng8f6
6.e5 Nf6g8
7.Nb1c3 e6
8.Nc3e4 Qd8c7
9.Ne4d6 Kd8
10.Nd6xf7 Ke8
11.Nf7xh8 Qc7xc2
12.Bf1d3 Qc2c6
13.O-O b6
14.Qd4f4 Ng8h6
15.Bd3e4 Qc6c7
16.Be4xa8 Bf8c5
17.Qf4g5 d5
18.exd6 Bc5xd6
19.Qg5h5 Kd8
20.Bc1g5 Kd7
21.Ra1c1 Bd6c5
22.Rf1d1 Bc5d6
23.Rc1xc7 Kxc7
24.Qh5e8 Bd6c5
25.Bg5f4 { resign }
1-0

[Event "Tourn. n9980"]
[Site "www.echecsemail.com"]
[Date "2018.12.18"]
[Round "1"]
[White "Roque1"]
[Black "Bojan"]
[WhiteElo "1960"]
[BlackElo "1990"]
[Result "1-0"]
[Round "1"]
1.e4 e5
2.Ng1f3 d6
3.Nb1c3 c6
4.Bf1e2 h6
5.O-O Ng8f6
6.d3 Nf6h7
7.Bc1e3 Bc8e6
8.Qd1d2 Qd8f6
9.b4 a6
10.a4 Be6d7
11.d4 Bd7e6
12.b5 Nb8d7
13.d5 cxd5
14.Nc3xd5 Qf6d8
15.c4 Nh7f6
16.Rf1c1 Nf6xe4
17.Qd2d3 Nd7c5
18.Be3xc5 Ne4xc5
19.Qd3e3 g6
20.b6 Be6xd5
21.cxd5 Qd8xb6
22.Nf3xe5 Nc5d7
23.Ne5xd7 Qb6xe3
24.fxe3 Kxd7
25.Rc1c4 Ra8c8
26.Ra1c1 Bf8g7
27.e4 Rc8xc4
28.Rc1xc4 Rh8e8
29.Kf2 h5
30.h3 Re8b8
31.g4 hxg4
32.Be2xg4 Kd8
33.Kf3 b5
34.Rc4c6 b4
35.Rc6xd6 Ke7
36.Rd6xa6 b3
37.d6 Kd8
38.d7 Kc7
39.Ra6a7 Kb6
40.d8Q Rb8xd8
41.Ra7xf7 Bg7d4
42.Kg3 b2
43.Rf7f1 Bd4f6
44.Rf1xf6 Ka5
45.Rf6f1 Kxa4
46.Bg4d1 Kb4
47.Bd1c2 Kc3
48.Bc2b1 Rd8d6
49.e5 Rd6d5
50.e6 Rd5e5
51.Rf1f6 g5
52.Kg4 Kd2
53.h4 gxh4
54.Kxh4 Kc1
55.Bb1a2 Kc2
56.Kg4 Re5e4
57.Kf5 Re4a4
58.e7 Ra4xa2
59.e8Q b1Q
60.Qe8e4 Kc1
61.Rf6c6 Ra2c2
62.Qe4e1 { resign }
1-0

[Event "Tourn. n9981"]
[Site "www.echecsemail.com"]
[Date "2018.12.18"]
[Round "1"]
[White "Drill64"]
[Black "Amaya"]
[WhiteElo "2149"]
[BlackElo "2100"]
[Result "1-0"]
[Round "1"]
1.e4 e6
2.Ng1f3 d5
3.e5 c5
4.b4 c4
5.a3 Bc8d7
6.d3 b5
7.c3 Ng8e7
8.Bc1g5 Qd8b6
9.d4 Ne7f5
10.Nb1d2 Bf8e7
11.Bg5xe7 Kxe7
12.g4 Nf5h6
13.h3 Rh8e8
14.Qd1c2 g6
15.Bf1g2 Kf8
16.Nf3g5 Kg7
17.Qc2d1 a5
18.O-O axb4
19.axb4 Nb8c6
20.Qd1f3 Ra8a4
21.Qf3f6 Kg8
22.Nd2f3 Re8e7
23.Ra1xa4 Kf8
24.Ng5xh7 Kg8
25.Ra4a8 Re7e8
26.Ra8xe8 Bd7xe8
27.Nh7g5 { resign }
1-0

[Event "Tourn. n10027"]
[Site "www.echecsemail.com"]
[Date "2018.12.18"]
[Round "1"]
[White "Fantomas"]
[Black "Bojan"]
[WhiteElo "2150"]
[BlackElo "2030"]
[Result "1/2-1/2"]
[Round "1"]
1.e4 e5
2.Ng1f3 d6
3.d4 h6
4.dxe5 Bc8g4
5.exd6 Bf8xd6
6.Bf1e2 Qd8e7
7.Qd1d3 a6
8.O-O Nb8c6
9.c3 O-O-O
10.Qd3c2 Ng8f6
11.Nb1d2 Nc6e5
12.Nf3d4 Bg4d7
13.f3 g6
14.Nd2c4 Ne5xc4
15.Be2xc4 Bd6c5
16.Bc1e3 Bd7e6
17.Bc4xe6 fxe6
18.Qc2f2 Qe7e8
19.b4 Bc5b6
20.c4 e5
21.Nd4b3 Bb6xe3
22.Qf2xe3 b6
23.c5 Qe8b5
24.Qe3c3 Rh8e8
25.a4 Qb5c6
26.Rf1c1 Kb7
27.Qc3e3 g5
28.Qe3e2 Rd8d7
29.b5 axb5
30.axb5 Qc6e6
31.c6 { draw }
1/2-1/2

[Event "Tourn. n9929"]
[Site "www.echecsemail.com"]
[Date "2018.12.18"]
[Round "1"]
[White "Stepanpech"]
[Black "Sociopath"]
[WhiteElo "2510"]
[BlackElo "2680"]
[Result "1/2-1/2"]
[Round "1"]
1.d4 Ng8f6
2.c4 g6
3.Nb1c3 Bf8g7
4.e4 d6
5.Ng1f3 O-O
6.Bf1e2 e5
7.dxe5 dxe5
8.Qd1xd8 Rf8xd8
9.Bc1g5 Rd8e8
10.Nc3d5 Nf6xd5
11.cxd5 c6
12.Be2c4 cxd5
13.Bc4xd5 Nb8d7
14.Nf3d2 Nd7c5
15.Ke2 Nc5e6
16.Bg5e3 Ne6f4
17.Be3xf4 exf4
18.Ra1c1 Bg7xb2
19.Rc1c7 Bc8e6
20.Bd5xe6 Re8xe6
21.Rc7xb7 Bb2c3
22.Rh1c1 Bc3xd2
23.Kxd2 Re6xe4
24.Rc1c7 Ra8d8
25.Kc3 Rd8f8
26.Kd3 Re4e1
27.Rb7xa7 Re1h1
28.h3 Rh1h2
29.Rc7c4 f3
30.gxf3 Rh2xh3
31.Ke2 Kg7
32.a4 Rh3h1
33.f4 Rf8e8
34.Kf3 Re8e6
35.f5 gxf5
36.Rc4f4 Re6f6
37.Ra7b7 Rh1a1
38.Rb7b5 Ra1a3
39.Kg2 Rf6g6
40.Kf1 Ra3a1
41.Ke2 Rg6e6
42.Kf3 Ra1a3
43.Kg2 Re6g6
44.Kf1 Ra3a1
45.Ke2 Rg6e6
46.Kf3 Ra1a3
47.Kg2 Re6g6
48.Kf1 { draw }
1/2-1/2

[Event "Match"]
[Site "www.echecsemail.com"]
[Date "2018.12.18"]
[Round "1"]
[White "Mitja"]
[Black "Bojan"]
[WhiteElo "1930"]
[BlackElo "2000"]
[Result "0-1"]
[Round "1"]
1.d4 d5
2.e3 c6
3.c3 Nb8d7
4.h3 a6
5.Qd1f3 e5
6.dxe5 Nd7xe5
7.Qf3e2 Bc8f5
8.Qe2d2 Ng8f6
9.Bf1e2 Bf8c5
10.Ng1f3 Nf6e4
11.Qd2d1 Qd8f6
12.Nf3xe5 Qf6xe5
13.Nb1d2 Bc5b6
14.Nd2xe4 Qe5xe4
15.Be2f3 Qe4e6
16.b3 Ra8d8
17.Bc1b2 O-O
18.O-O Bb6c7
19.Qd1e2 Qe6e5
20.g3 Bf5xh3
21.Bf3g2 Bh3e6
22.Ra1d1 Qe5g5
23.Bb2a3 Rf8e8
24.Ba3b2 h5
25.Rd1d4 Bc7e5
26.Rd4h4 g6
27.Rh4h2 Qg5f6
28.Bg2h3 Be5xc3
29.Bb2xc3 Qf6xc3
30.Bh3xe6 Re8xe6
31.Qe2d1 Qc3f6
32.Rf1e1 Qf6g5
33.Rh2g2 f6
34.f4 Qg5h6
35.Qd1f3 f5
36.a4 Re6e4
37.Qf3e2 Kh7
38.Qe2d2 Qh6f8
39.Qd2a5 d4
40.exd4 Re4xd4
41.Rg2e2 Rd8d7
42.Qa5e5 Rd4d5
43.Qe5e6 Rd5d3
44.Re2e3 Rd3d6
45.Qe6e5 b5
46.axb5 axb5
47.Qe5c5 Qf8f6
48.Re3e5 h4
49.gxh4 Qf6xh4
50.Qc5f2 Qh4g4
51.Kf1 Qg4h3
52.Qf2g2 Qh3xb3
53.Qg2h2 Kg7
54.Re5e7 Rd7xe7
55.Re1xe7 Kf8
56.Re7e2 Qb3f3
57.Ke1 Qf3c3
58.Kf2 Qc3g7
59.Qh2g3 c5
60.Qg3b3 b4
61.Qb3e3 Qg7d4
62.Ke1 Qd4xe3
63.Re2xe3 c4
{ resign }
0-1

[Event "Match"]
[Site "www.echecsemail.com"]
[Date "2018.12.18"]
[Round "1"]
[White "Blackorblanc"]
[Black "Ditto"]
[WhiteElo "1649"]
[BlackElo "1920"]
[Result "1-0"]
[Round "1"]
1.Nb1c3 e5
2.e4 Bf8b4
3.Bf1c4 Nb8c6
4.a3 Bb4c5
5.d3 Ng8f6
6.Bc1g5 d6
7.Nc3d5 Bc8g4
8.f3 Bg4h5
9.Ng1e2 h6
10.Bg5h4 Nc6d4
{ time. }
1-0

[Event "1/32 Finale"]
[Site "www.chess-mail.com"]
[Date "2018.12.18"]
[Round "1"]
[White "Stepanpech"]
[Black "Drawlward"]
[WhiteElo "2490"]
[BlackElo "2640"]
[Result "0-1"]
[Round "1"]
1.e4 c5
2.Ng1f3 g6
3.d4 cxd4
4.Nf3xd4 Nb8c6
5.c4 Bf8g7
6.Bc1e3 Ng8f6
7.Nb1c3 O-O
8.Bf1e2 d6
9.O-O Bc8d7
10.Qd1d2 Nc6xd4
11.Be3xd4 Bd7c6
12.f3 Nf6d7
13.Bd4e3 Nd7c5
14.Ra1b1 a5
15.b3 Qd8b6
16.Rf1c1 Rf8c8
17.Rc1c2 Qb6b4
18.Qd2c1 Qb4b6
19.Qc1d2 Qb6d8
20.Be2f1 Bg7e5
21.Rb1d1 b6
22.g3 Ra8a7
23.Bf1g2 Ra7c7
24.Nc3d5 Rc7b7
25.f4 Be5g7
26.Qd2f2 Qd8e8
27.f5 Bg7e5
28.Rd1f1 f6
29.Qf2f3 Kh8
30.Qf3g4 g5
31.Rf1d1 Qe8f7
32.Qg4e2 h5
33.Bg2f3 g4
34.Bf3g2 Rc8g8
35.Be3f4 h4
36.Bf4xe5 fxe5
37.Qe2e3 Bc6xd5
38.cxd5 Qf7f6
39.Bg2f1 Kg7
40.Rd1e1 Kf7
41.Bf1b5 Rg8h8
42.Rc2g2 Rb7c7
43.Bb5c6 Qf6h6
44.Bc6b5 Qh6xe3
45.Re1xe3 hxg3
46.hxg3 Nc5b7
47.Bb5c4 a4
48.Rg2f2 Nb7a5
49.Bc4e2 Rc7c1
50.Rf2f1 Rc1c2
51.bxa4 Na5c4
52.Be2xc4 Rc2xc4
53.a3 Rh8a8
54.Rf1b1 Ra8xa4
55.Rb1xb6 Rc4xe4
56.Re3xe4 Ra4xe4
57.Rb6b4 Re4xb4
58.axb4 Ke8
59.Kf2 Kd8
60.Ke3 Kc7
61.Kd3 Kb6
62.Kc4 Ka6
63.Kd3 Kb5
64.Kc3 e4
65.Kd4 Kxb4
66.Kxe4 Kc4
67.Kf4 Kxd5
68.Kxg4 Ke5
{ resign }
0-1

[Event "1/16 Finale"]
[Site "www.chess-mail.com"]
[Date "2018.12.18"]
[Round "1"]
[White "George1955"]
[Black "Piriot"]
[WhiteElo "2700"]
[BlackElo "2370"]
[Result "1-0"]
[Round "1"]
1.e4 e5
2.Ng1f3 Ng8f6
3.Nf3xe5 d6
4.Ne5f3 Nf6xe4
5.d4 d5
6.Bf1d3 Nb8c6
7.O-O Bf8e7
8.Rf1e1 Bc8f5
9.Nb1d2 Ne4xd2
10.Qd1xd2 Bf5xd3
11.Qd2xd3 O-O
12.Bc1d2 Qd8d7
13.Bd2f4 Be7f6
14.c3 Nc6e7
15.Bf4e5 Bf6xe5
16.Nf3xe5 Qd7d6
17.Qd3b5 a6
18.Qb5b3 b6
19.Ne5d3 Ra8e8
20.g3 Ne7g6
21.Nd3b4 c6
22.Qb3a4 Re8xe1
23.Ra1xe1 c5
24.dxc5 bxc5
25.Qa4xa6 Qd6d7
26.Qa6c6 Qd7a7
27.Nb4xd5 Qa7xa2
28.Re1e8 h5
29.Qc6d7 Qa2b1
30.Kg2 Rf8xe8
31.Qd7xe8 Kh7
32.Qe8xf7 Qb1xb2
33.Qf7f5 Kh6
34.h4 Qb2e2
35.Qf5xg6 { resign }
1-0

[Event "1/32 Finale"]
[Site "www.chess-mail.com"]
[Date "2018.12.18"]
[Round "1"]
[White "Add"]
[Black "Dougbeer"]
[WhiteElo "2210"]
[BlackElo "2530"]
[Result "0-1"]
[Round "1"]
1.e4 e6
2.d4 d5
3.e5 c5
4.Ng1f3 Nb8c6
5.c3 Qd8b6
6.Qd1b3 Qb6xb3
7.axb3 cxd4
8.cxd4 Bc8d7
9.Bc1d2 f6
10.Bf1b5 Nc6xe5
11.Bb5xd7 Ne5xd7
12.O-O Bf8d6
13.Nb1c3 Ng8e7
14.Nc3b5 Bd6b8
15.Bd2b4 Ne7c6
16.Bb4d6 a6
17.Bd6xb8 Ra8xb8
18.Nb5c3 Kf7
19.Rf1d1 Nd7b6
20.Nc3a4 Nb6xa4
21.bxa4 Rh8c8
22.Ra1c1 Nc6a5
23.Rc1c3 Rc8xc3
24.bxc3 Rb8c8
25.Rd1c1 Rc8c4
26.g3 Rc4xa4
27.Rc1b1 Ra4a3
{ resign }
0-1

[Event "Match"]
[Site "www.echecsemail.com"]
[Date "2018.12.19"]
[Round "1"]
[White "Jackbauer"]
[Black "Coraza"]
[WhiteElo "1820"]
[BlackElo "1750"]
[Result "0-1"]
[Round "1"]
1.e4 e5
2.f4 Nb8c6
3.Ng1f3 exf4
4.Bf1b5 Nc6d4
5.Nf3xd4 Qd8h4
6.Kf1 Qh4f6
7.c3 Bf8c5
8.Nd4f3 Qf6b6
9.Qd1b3 h6
10.Nf3e5 Qb6f6
11.Ne5g4 Qf6h4
12.h3 h5
13.Bb5c4 Ng8h6
14.Bc4xf7 Nh6xf7
15.d4 Bc5e7
16.Ng4f2 Qh4g3
17.Nb1d2 Be7h4
{ resign }
0-1

[Event "Tourn. n9997"]
[Site "www.echecsemail.com"]
[Date "2018.12.19"]
[Round "1"]
[White "Seger"]
[Black "Drill64"]
[WhiteElo "2820"]
[BlackElo "2310"]
[Result "1-0"]
[Round "1"]
1.d4 Ng8f6
2.c4 g6
3.Nb1c3 d5
4.Ng1f3 Bf8g7
5.cxd5 Nf6xd5
6.e4 Nd5xc3
7.bxc3 c5
8.Bc1e3 O-O
9.Bf1e2 Nb8c6
10.O-O Bc8g4
11.d5 Nc6a5
12.Be3xc5 Bg7xc3
13.Ra1c1 Bc3g7
14.Qd1d2 b6
15.Bc5b4 Na5b7
16.Nf3d4 Bg4xe2
17.Nd4c6 Be2xf1
18.Nc6xd8 Rf8xd8
19.Kxf1 Nb7d6
20.Rc1c7 Nd6xe4
21.Qd2e2 f5
22.f3 Ne4f6
23.Qe2xe7 { resign }
1-0

[Event "Tourn. n9944"]
[Site "www.echecsemail.com"]
[Date "2018.12.19"]
[Round "1"]
[White "Ejner"]
[Black "Seger"]
[WhiteElo "2430"]
[BlackElo "2840"]
[Result "0-1"]
[Round "1"]
1.d4 d5
2.Ng1f3 Ng8f6
3.c4 e6
4.Nb1c3 c5
5.cxd5 Nf6xd5
6.g3 cxd4
7.Nc3xd5 exd5
8.Nf3xd4 Qd8b6
9.e3 Nb8c6
10.Bf1g2 Bf8b4
11.Bc1d2 Nc6xd4
12.exd4 Bb4xd2
13.Qd1xd2 O-O
14.O-O Bc8e6
15.Rf1c1 Rf8c8
16.b3 h6
17.Qd2e3 Qb6b4
18.Qe3e5 Rc8xc1
19.Ra1xc1 Qb4d2
20.Rc1f1 Ra8d8
21.Qe5c7 Rd8c8
22.Qc7xb7 Qd2xd4
23.b4 Rc8c3
24.Qb7b8 Kh7
25.Qb8f4 Qd4xf4
26.gxf4 Kg6
27.Rf1d1 Be6g4
28.f3 Bg4e6
29.Kf2 Rc3a3
30.Rd1d2 Ra3a4
{ resign }
0-1

[Event "Match"]
[Site "www.echecsemail.com"]
[Date "2018.12.19"]
[Round "1"]
[White "Ditto"]
[Black "Whitekknight"]
[WhiteElo "1860"]
[BlackElo "1830"]
[Result "0-1"]
[Round "1"]
1.e4 e5
2.Ng1f3 Nb8c6
3.Bf1c4 h6
4.Nb1c3 Ng8f6
5.d4 exd4
6.Nf3xd4 Nc6e5
7.Bc4b3 Bf8b4
8.O-O d6
9.Nc3d5 Bb4c5
10.c3 O-O
11.Bc1e3 Nf6xd5
12.Bb3xd5 c6
13.Bd5b3 Kh7
14.Bb3c2 Kh8
15.b4 Bc5b6
16.Bc2b3 d5
17.Nd4c2 Bc8e6
18.exd5 Be6xd5
19.Be3xb6 Qd8xb6
20.Bb3xd5 Ra8d8
21.Nc2d4 Rd8xd5
22.Ra1b1 Ne5c4
23.a4 a5
24.b5 c5
25.Qd1e2 cxd4
26.Qe2xc4 Rf8d8
27.cxd4 Rd5xd4
28.Qc4c2 Rd4d2
29.Qc2f5 Kg8
30.Qf5f4 Rd2d4
31.Qf4e3 Qb6g6
32.Qe3f3 Kh7
33.Qf3xb7 Qg6xb1
34.h3 Rd4d1
35.Rf1xd1 Qb1xd1
36.Kh2 Rd8d7
37.f3 Rd7xb7
38.Kg3 Qd1e1
39.Kf4 Rb7c7
40.Kg4 f5
{ resign }
0-1

[Event "Tourn. n10010"]
[Site "www.echecsemail.com"]
[Date "2018.12.19"]
[Round "1"]
[White "Apdash"]
[Black "Tonino1"]
[WhiteElo "2330"]
[BlackElo "2250"]
[Result "1-0"]
[Round "1"]
1.e4 d6
2.Ng1f3 Ng8f6
3.Nb1c3 c6
4.d4 Qd8c7
5.Bf1c4 h6
6.e5 Nf6h7
7.Bc1f4 d5
8.Bc4b3 e6
9.Nc3e2 Bf8e7
10.O-O Nb8d7
11.c4 dxc4
12.Bb3xc4 Nd7b6
13.Bc4b3 Nb6d5
14.Ra1c1 Nd5xf4
15.Ne2xf4 O-O
16.d5 exd5
17.Bb3xd5 Qc7a5
18.Bd5b3 Nh7g5
19.Rf1e1 Bc8g4
20.Re1e3 Ng5xf3
21.gxf3 Be7g5
22.Rc1c4 Bg4f5
23.Re3c3 Qa5xe5
24.Nf4g2 Qe5c7
25.f4 Bg5f6
26.Rc3g3 Ra8d8
27.Qd1h5 Bf5g6
28.Qh5f3 Rd8d3
29.Ng2e3 Rf8d8
30.Rc4c2 Kh8
31.f5 Bg6h7
32.Qf3h5 Rd3d2
33.Rc2c4 b5
34.Rc4g4 Bh7g8
35.Rg4e4 Rd2d4
36.Re4xd4 Rd8xd4
37.Ne3g4 Qc7f4
38.Ng4xf6 Rd4d2
39.Rg3f3 Qf4e5
40.Nf6xg8  { time }
1-0

[Event "Match"]
[Site "www.echecsemail.com"]
[Date "2018.12.19"]
[Round "1"]
[White "Whitekknight"]
[Black "Ztornad"]
[WhiteElo "1820"]
[BlackElo "1860"]
[Result "1-0"]
[Round "1"]
1.e4 e5
2.Ng1f3 d6
3.Bf1c4 Ng8f6
4.Nb1c3 a6
5.a4 Nb8c6
6.h3 h6
7.d3 Qd8e7
8.Bc1e3 Nc6d8
9.O-O Bc8e6
10.Nf3d2 Nd8c6
11.Nc3d5 Nf6xd5
12.exd5 Nc6d4
13.dxe6 Nd4xe6
14.Nd2f3 g6
15.d4 e4
16.Nf3d2 Bf8g7
17.Nd2xe4 O-O
18.Rf1e1 c6
19.Bc4a2 d5
20.Ne4c3 Qe7d7
21.Qd1f3 f5
22.Nc3e2 Ra8e8
23.c4 Ne6c7
24.Ne2f4 Rf8f6
25.c5 Nc7e6
26.Ra1b1 Ne6g5
27.Qf3d1 Re8e4
28.Ba2b3 Re4e8
29.Bb3c2 Ng5e4
30.Qd1d3 a5
31.Qd3e2 Ne4g5
32.b3 Rf6f7
33.Kh2 Rf7e7
34.Qe2d2 Ng5e4
35.Bc2xe4 Re7xe4
36.Nf4xg6 Re4e6
37.Ng6f4 Re6e7
38.g3 Re8f8
39.Qd2xa5 Re7e8
40.Qa5d2 Qd7f7
41.f3 Re8e7
42.Re1e2 Bg7f6
43.Rb1e1 Rf8e8
44.Nf4g2 h5
45.h4 Re7e6
46.Ng2f4 Re6e7
47.Qd2d3 Qf7h7
48.Nf4g2 Re7e6
49.Ng2f4 Re6e7
50.Nf4h3 Re7e6
51.Be3g5 Re6xe2
52.Re1xe2 Re8xe2
53.Qd3xe2 Bf6xg5
54.Qe2e8 Kg7
55.Qe8d7 Kg6
56.Qd7xh7 Kxh7
57.Nh3xg5 Kg8
58.Ng5e6 Kf7
59.Ne6d8 Ke7
60.Nd8xb7 Kd7
61.Nb7d6 Ke6
62.a5 f4
63.gxf4 Kd7
64.a6 Kc7
65.a7 Kd7
66.a8Q Ke6
67.f5 Kd7
68.Qa8e8 Kc7
69.Qe8c8 
1-0

[Event "1/64 Finale"]
[Site "www.chess-mail.com"]
[Date "2018.12.19"]
[Round "1"]
[White "Gvladutz"]
[Black "Traub"]
[WhiteElo "2430"]
[BlackElo "1590"]
[Result "1-0"]
[Round "1"]
1.d4 Ng8f6
2.c4 g6
3.Nb1c3 Bf8g7
4.e4 d6
5.h3 Nb8d7
6.Bf1d3 O-O
7.Bc1g5 c5
8.Ng1f3 cxd4
9.Nf3xd4 Qd8a5
10.Bg5d2 Nf6e8
11.Nd4b3 Qa5d8
12.O-O Nd7e5
13.Bd3e2 b6
14.f4 Ne5c6
15.Bd2e3 Bc8b7
16.Qd1d2 f5
17.exf5 Rf8xf5
18.Be2f3 e5
19.Ra1d1 exf4
20.Be3xf4 Qd8f6
21.g4 Rf5xf4
22.Bf3d5 Kh8
23.Rf1xf4 Qf6h4
24.Rf4f7 Qh4xh3
25.Rf7xb7 Qh3xg4
26.Qd2g2 Qg4xg2
27.Bd5xg2 Ra8c8
28.Bg2xc6 Rc8xc6
29.Rb7b8 Kg8
30.Nc3d5 Kf7
31.Rb8b7 Ke6
32.Rd1e1 Bg7e5
33.Nb3d4 
1-0

[Event "Fast Game"]
[Site "www.echecsemail.com"]
[Date "2018.12.19"]
[Round "1"]
[White "Vitor"]
[Black "Fabos12"]
[WhiteElo "1599"]
[BlackElo "1720"]
[Result "1-0"]
[Round "1"]
1.e4 e6
2.d4 Nb8c6
3.c4 d5
4.cxd5 exd5
5.e5 Bc8e6
6.Nb1c3 Bf8e7
7.Ng1f3 f6
8.Qd1e2 Qd8d7
9.a3 O-O-O
10.Bc1f4 Be6g4
11.Qe2d3 g5
12.Bf4g3 Bg4f5
13.Qd3e3 h5
14.h3 Ng8h6
15.e6 Bf5xe6
16.Nc3b5 Nh6f5
17.Qe3c3 Nf5xg3
{ time. }
1-0